Top 15 des pays avec les décès de Covid-19 - 13 avr 2021 - Statistiques

Statistiques générales
  • Ce quiz a été pris 42 fois
  • Le résultat moyen est 14 sur 24
Statistiques - réponses
pays % Correct
Etats-Unis
100%
France
97%
Espagne
94%
Brésil
92%
Italie
92%
Argentine
86%
Allemagne
83%
Inde
83%
Royaume-Uni
83%
Mexique
81%
Russie
72%
Portugal
69%
Belgique
56%
Pologne
53%
Colombie
47%
Pérou
39%
Iran
36%
Hongrie
31%
Slovaquie
22%
Slovénie
22%
Bosnie-Herzégovine
19%
Bulgarie
17%
Tchèquie
17%
Macédoine du Nord
8%
Aucun quiz correspondant
Distribution des résultats
% des personnes avec chaque résultat
Percentile par nombre de réponses
Votre historique - résultats
Vous n’avez pas pris ce quiz